[Event "Ruhrgebiet Verbandsklasse Gruppe 3 1819"]
[Site "Nordrheinwestfalen"]
[Date "2019.05.05"]
[Round "9.8"]
[White "Volbracht, Michael"]
[Black "Langer, Raimund"]
[Result "1/2-1/2"]
[WhiteElo "1683"]
[BlackElo "1777"]
[PlyCount "31"]
[EventDate "2018.09.23"]
[EventType "team-tourn"]
[EventRounds "9"]
[EventCountry "GER"]
[SourceTitle "EXT 2022"]
[Source "ChessBase"]
[SourceDate "2021.10.06"]
[SourceVersion "1"]
[SourceVersionDate "2021.10.06"]
[SourceQuality "1"]
[WhiteTeam "Welper SV II"]
[BlackTeam "Kirchhellen SF"]
[WhiteTeamCountry "GER"]
[BlackTeamCountry "GER"]

1. e4 e5 2. Nf3 Nc6 3. Bb5 a6 4. Ba4 Nf6 5. 0-0 Be7 6. Re1 b5 7. Bb3 0-0 8. c3 d6 9. h3 Bb7 10. d4 Re8 11. Nbd2 Bf8 12. d5 Nb8 13. Nf1 Nbd7 14. Ng3 g6 15. Bc2 c5 16. Be3 1/2-1/2

[Event "Ruhrgebiet Verbandsliga Gruppe 2 1617"]
[Site "Germany"]
[Date "2016.11.27"]
[Round "4.7"]
[White "Volbracht, Michael"]
[Black "Klaus, Michael"]
[Result "1/2-1/2"]
[WhiteElo "1731"]
[BlackElo "1867"]
[PlyCount "43"]
[EventDate "2016.09.04"]
[EventType "team-tourn"]
[EventRounds "9"]
[EventCountry "GER"]
[SourceTitle "EXT 2022"]
[Source "ChessBase"]
[SourceDate "2021.10.06"]
[SourceVersion "1"]
[SourceVersionDate "2021.10.06"]
[SourceQuality "1"]
[WhiteTeam "Welper SV II"]
[BlackTeam "Hamm Koenigsspringer"]
[WhiteTeamCountry "GER"]
[BlackTeamCountry "GER"]

1. d4 d5 2. Nf3 Nf6 3. Bf4 e6 4. e3 Bd6 5. Bxd6 Qxd6 6. c3 c5 7. Nbd2 0-0 8. Bd3 Nc6 9. 0-0 e5 10. dxe5 Nxe5 11. Nxe5 Qxe5 12. Nf3 Qc7 13. c4 dxc4 14. Bxc4 Bd7 15. Qe2 Bc6 16. Bb5 Bxb5 17. Qxb5 a6 18. Qe2 Rfd8 19. Rfd1 h6 20. Rac1 Rxd1+ 21. Rxd1 Rd8 22. Rxd8+ 1/2-1/2

[Event "Ruhrgebiet Verbandsliga Gruppe 2 1617"]
[Site "Germany"]
[Date "2016.09.25"]
[Round "2.7"]
[White "Volbracht, Michael"]
[Black "Brixius, Dirk"]
[Result "1/2-1/2"]
[WhiteElo "1731"]
[BlackElo "1819"]
[PlyCount "34"]
[EventDate "2016.09.04"]
[EventType "team-tourn"]
[EventRounds "9"]
[EventCountry "GER"]
[SourceTitle "EXT 2022"]
[Source "ChessBase"]
[SourceDate "2021.10.06"]
[SourceVersion "1"]
[SourceVersionDate "2021.10.06"]
[SourceQuality "1"]
[WhiteTeam "Welper SV II"]
[BlackTeam "Essen Werden"]
[WhiteTeamCountry "GER"]
[BlackTeamCountry "GER"]

1. d4 d5 2. Nf3 Nf6 3. Bf4 e6 4. e3 c5 5. c3 Nc6 6. Nbd2 a6 7. Bd3 b6 8. 0-0 Bd6 9. Bxd6 Qxd6 10. e4 cxd4 11. cxd4 dxe4 12. Nxe4 Nxe4 13. Bxe4 Bb7 14. d5 exd5 15. Qxd5 Qxd5 16. Bxd5 0-0 17. Rac1 Na5 1/2-1/2

[Event "Ruhrgebiet Verbandsklasse Gruppe 1 1516"]
[Site "Germany"]
[Date "2016.04.24"]
[Round "9.8"]
[White "Volbracht, Michael"]
[Black "Spaeh, Jan Lukas"]
[Result "0-1"]
[WhiteElo "1728"]
[BlackElo "1640"]
[PlyCount "56"]
[EventDate "2015.09.06"]
[EventType "team-tourn"]
[EventRounds "9"]
[EventCountry "GER"]
[SourceTitle "EXT 2022"]
[Source "ChessBase"]
[SourceDate "2021.10.06"]
[SourceVersion "1"]
[SourceVersionDate "2021.10.06"]
[SourceQuality "1"]
[WhiteTeam "Welper SV II"]
[BlackTeam "Kamen SV II"]
[WhiteTeamCountry "GER"]
[BlackTeamCountry "GER"]

1. e4 c5 2. Nf3 d6 3. d4 cxd4 4. Nxd4 Nf6 5. Nc3 a6 6. Be2 e6 7. Be3 Be7 8. 0-0 0-0 9. f3 Qc7 10. Qd2 b5 11. a3 Bb7 12. Rad1 Rd8 13. Qe1 Nbd7 14. Nb3 d5 15. exd5 Nxd5 16. Nxd5 Bxd5 17. Nd4 Bf6 18. Bd3 Nc5 19. Qc3 Rac8 20. Be2 Qb8 21. Qa5 Bb7 22. b3 h6 23. Kh1 Qe5 24. Qd2 Qc7 25. Qc3 Rd5 26. b4 Na4 27. Qxc7 Rxc7 28. Nb3 Rxc2 0-1

[Event "Kleve op"]
[Site "Kleve"]
[Date "2002.05.11"]
[Round "5"]
[White "Volbracht, Michael"]
[Black "Selbach, Sascha"]
[Result "1/2-1/2"]
[WhiteElo "1760"]
[BlackElo "1513"]
[PlyCount "90"]
[EventDate "2002.05.09"]
[EventType "swiss"]
[EventRounds "7"]
[EventCountry "GER"]
[SourceTitle "EXT 2008"]
[Source "ChessBase"]
[SourceDate "2007.11.25"]
[SourceVersion "1"]
[SourceVersionDate "2007.11.25"]
[SourceQuality "1"]

1. e4 c5 2. Nf3 e6 3. b4 cxb4 4. d4 Qc7 5. Bd3 Nf6 6. 0-0 b6 7. a3 Bb7 8. Re1 Be7 9. Bd2 bxa3 10. Nxa3 a6 11. c4 d6 12. Qc2 Nbd7 13. Bb4 Rc8 14. Rac1 Qb8 15. Qe2 Nh5 16. Bd2 Qa8 17. Ng5 Nhf6 18. f4 h6 19. e5 hxg5 20. exf6 Bxf6 21. d5 Bd4+ 22. Kh1 e5 23. Nc2 0-0 24. Nxd4 exd4 25. Qh5 Nf6 26. Qxg5 Rfe8 27. h4 Rxe1+ 28. Rxe1 Re8 29. Rxe8+ Qxe8 30. Qf5 Bc8 31. Qg5 Bg4 32. f5 a5 33. Qf4 Qe5 34. Kg1 Kf8 35. Qg5 Kg8 36. Bf4 Qe7 37. Bg3 Qe3+ 38. Qxe3 dxe3 39. Bxd6 e2 40. Kf2 Nd7 41. Bc2 Nc5 42. Bc7 Nd7 43. Ba4 Nc5 44. Bc2 Nd7 45. d6 Kf8 1/2-1/2

[Event "Kleve op"]
[Site "Kleve"]
[Date "2002.05.09"]
[Round "1"]
[White "Savchenko, Viacheslav"]
[Black "Volbracht, Michael"]
[Result "1-0"]
[WhiteElo "2428"]
[BlackElo "1760"]
[PlyCount "83"]
[EventDate "2002.05.09"]
[EventType "swiss"]
[EventRounds "7"]
[EventCountry "GER"]
[SourceTitle "EXT 2008"]
[Source "ChessBase"]
[SourceDate "2007.11.25"]
[SourceVersion "1"]
[SourceVersionDate "2007.11.25"]
[SourceQuality "1"]

1. d4 d5 2. Nf3 Nf6 3. c4 e6 4. Nc3 c6 5. cxd5 exd5 6. Bg5 Be7 7. Qc2 Bg4 8. e3 Nbd7 9. Bd3 Bh5 10. Bf4 Qa5 11. Nd2 0-0 12. h3 Bg6 13. Bxg6 hxg6 14. 0-0 Rfe8 15. a3 Qd8 16. b4 a6 17. Nb3 Qc8 18. Rac1 Nb6 19. Na5 Qd7 20. Rcd1 Ne4 21. f3 Nd6 22. Bxd6 Bxd6 23. e4 Bf4 24. Qd3 Re6 25. Ne2 Bg5 26. e5 Bd8 27. Nb3 Na4 28. Qd2 Re8 29. f4 f5 30. Kh2 Qe6 31. Rf3 Kf7 32. Rg1 Rh8 33. Qc2 Be7 34. Na5 b5 35. g4 Rac8 36. Rfg3 Bf8 37. gxf5 Qxf5 38. Qxf5+ gxf5 39. Rg5 Ke6 40. Rg6+ Ke7 41. Ng3 Rh4 42. Rf1 1-0

[Event "Bochum-ch"]
[Site "Bochum"]
[Date "2001.11.12"]
[Round "4"]
[White "Schreck, Peter"]
[Black "Volbracht, Michael"]
[Result "1/2-1/2"]
[WhiteElo "1621"]
[BlackElo "1761"]
[PlyCount "38"]
[EventDate "2001.10.22"]
[EventType "swiss"]
[EventRounds "9"]
[EventCountry "GER"]
[SourceTitle "EXT 2006"]
[Source "ChessBase"]
[SourceDate "2005.11.24"]
[SourceVersion "1"]
[SourceVersionDate "2005.11.24"]
[SourceQuality "1"]

1. Nf3 d5 2. b3 Nf6 3. Bb2 e6 4. e3 c5 5. Bb5+ Bd7 6. a4 a6 7. Bxd7+ Nbxd7 8. 0-0 Bd6 9. d4 0-0 10. Nbd2 Rc8 11. c4 cxd4 12. Nxd4 Qe7 13. cxd5 Nxd5 14. Nc4 Bb4 15. Rc1 Rfd8 16. Qf3 Nc5 17. Rfd1 Qf6 18. Qg4 Qg6 19. Qxg6 hxg6 1/2-1/2

[Event "Bochum-ch"]
[Site "Bochum"]
[Date "1998.11.23"]
[Round "6"]
[White "Schreck, Roland"]
[Black "Volbracht, Michael"]
[Result "1-0"]
[WhiteElo "2055"]
[BlackElo "1731"]
[PlyCount "111"]
[EventDate "1998.10.19"]
[EventType "swiss"]
[EventRounds "7"]
[EventCountry "GER"]
[SourceTitle "EXT 2006"]
[Source "ChessBase"]
[SourceDate "2005.11.24"]
[SourceVersion "1"]
[SourceVersionDate "2005.11.24"]
[SourceQuality "1"]

1. g3 d5 2. Bg2 Nf6 3. Nf3 e6 4. 0-0 Be7 5. d3 0-0 6. Nbd2 c5 7. e4 Nc6 8. Re1 Re8 9. e5 Nd7 10. Nf1 Nf8 11. h4 Qc7 12. h5 b6 13. Bf4 Bb7 14. N1h2 Nd7 15. Ng4 Qd8 16. Bh3 b5 17. Qd2 Qa5 18. Qc1 Qb6 19. Bg5 Bf8 20. Qf4 Nb4 21. h6 g6 22. Qc1 d4 23. Bg2 Nd5 24. Nd2 a5 25. Ne4 a4 26. Qd1 a3 27. b3 b4 28. Bf6 Qc7 29. Qd2 Bc6 30. Qg5 Bb7 31. Bg7 Be7 32. Qd2 Bc6 33. Qe2 Ra6 34. Qf1 Bb7 35. Nd2 Nc3 36. Bxb7 Qxb7 37. Re4 Nxe4 38. Nxe4 Rc8 39. Qg2 Qc6 40. Qf3 Raa8 41. Re1 Ra6 42. Qf4 Qc7 43. Qf3 Qc6 44. Kh2 Raa8 45. Rh1 Ra6 46. Kg1 Rca8 47. Kh2 Rc8 48. Kh3 Rca8 49. Rd1 Rc8 50. Qf6 Bf8 51. f3 Qc7 52. Qg5 Bxg7 53. hxg7 Qd8 54. Nef6+ Nxf6 55. exf6 h5 56. Qh6 1-0